Salomé / (Registro nro. 133845)

Detalles MARC
000 -LEADER
campo de control de longitud fija 00973nam a2200253 i 4500
001 - NÚMERO DE CONTROL
campo de control 133845
003 - IDENTIFICADOR DE NÚMERO DE CONTROL
campo de control ES-MaACL
005 - FECHA Y HORA DE LA ÚLTIMA TRANSACCIÓN
campo de control 20250630161148.0
007 - CAMPO FIJO DE DESCRIPCIÓN FÍSICA--INFORMACIÓN GENERAL
campo de control de longitud fija t|
008 - DATOS DE LONGITUD FIJA--INFORMACIÓN GENERAL
campo de control de longitud fija 070831s1982 sp |||| | spa d
020 ## - NÚMERO INTERNACIONAL ESTÁNDAR DEL LIBRO
Número Internacional Estándar del Libro 84-231-2692-7
080 ## - NÚMERO DE LA CLASIFICACIÓN DECIMAL UNIVERSAL
Número de la Clasificación Decimal Universal 821.133.1
100 1# - ENTRADA PRINCIPAL--NOMBRE DE PERSONA
Nombre de persona Strauss, Richard,
Fechas asociadas al nombre 1864-1949
9 (RLIN) 240557
245 10 - MENCIÓN DEL TÍTULO
Título Salomé /
Mención de responsabilidad, etc. libreto basado en la traducción alemana de la obra teatral de Oscar Wilde realizada por Hedwig Lachmann y revisada por Richard Strauss ; traducción, estudio y comentarios, Gonzalo Badenes Masó.
260 ## - PUBLICACIÓN, DISTRIBUCIÓN, ETC.
Lugar de publicación, distribución, etc. Madrid :
Nombre del editor, distribuidor, etc. Daimon,
Fecha de publicación, distribución, etc. [1982]
300 ## - DESCRIPCIÓN FÍSICA
Extensión 119 p. ;
Dimensiones 19 cm.
490 1# - MENCIÓN DE SERIE
Mención de serie Introducción al mundo de la ópera
700 1# - ENTRADA AGREGADA--NOMBRE PERSONAL
Nombre de persona Wilde, Oscar,
Fechas asociadas al nombre 1854-1900
9 (RLIN) 241147
700 1# - ENTRADA AGREGADA--NOMBRE PERSONAL
Nombre de persona Lachmann, Hedwig.
9 (RLIN) 69365
700 1# - ENTRADA AGREGADA--NOMBRE PERSONAL
Nombre de persona Badenes Masó, Gonzalo.
9 (RLIN) 24528
830 0# - PUNTO DE ACCESO ADICIONAL DE SERIE-TÍTULO UNIFORME
Título uniforme Introducción al mundo de la ópera
9 (RLIN) 186963
852 ## - LOCALIZACIÓN
Ubicación ES-MaACL
Número de control de estantería E-12099
Nota libre . - Biblioteca Jacinto Martínez Lacalle
Existencias
Estatus retirado Estado de pérdida Estado de daño No para préstamo Biblioteca de origen Biblioteca actual Ubicación en estantería Fecha de adquisición Fuente de adquisición Total de préstamos Signatura topográfica completa Código de barras Visto por última vez Precio de reemplazo Tipo de ítem Koha
        Biblioteca del Ateneo de Madrid Biblioteca del Ateneo de Madrid Depósito 2 17/01/2008     E-12099 1139327 23/02/2023 23/02/2023 Libro impreso